Born in Helsinki - Statistics

General Stats
  • This quiz has been taken 99 times
    2 since last reset
  • The average score is 11 of 23
Answer Stats
Hint Answer % Correct
President of Finland since 2024 and Prime Minister of Finland from 2014 to 2015 1968 Alexander Stubb
100%
Hall of Fame ice hockey player who played most notably for the Edmonton Oilers 1960 Jari Kurri
100%
Footballer who plays for Palermo and the Finnish national team (former Leverkusen, Hamburg, Düsseldorf and Venezia player) 1994 Joel Pohjanpalo
100%
Rapper, singer and Eurovision Song Contest participant, "Cha Cha Cha" 1993 Käärija
100%
Writer, "The Egyptian" 1908 Mika Waltari
100%
Prime Minister of Finland from 2019 to 2023 1985 Sanna Marin
100%
President of Finland from 2000 to 2012 and first woman to hold this position 1943 Tarja Halonen
100%
Hall of Fame ice hockey player who played most notably for the Anaheim Ducks 1970 Teemu Selänne
100%
Ice hockey defenceman and alternate captain for the Dallas Stars 1994 Esa Lindell
50%
Ice hockey goaltender who plays for the Vancouver Canucks 1995 Kevin Lankinen
50%
Creator of Linux 1969 Linus Torvalds
50%
Singer of the band Sunrise Avenue 1976 Samu Haber
50%
Ice hockey forward who plays for the Chicago Blackhawks 1994 Teuvo Teräväinen
50%
Creator of the "Moomins" 1914 Tove Jansson
50%
Economist at MIT, he received the Nobel Memorial Prize in Economic Sciences 1949 Bengt Holmström
0%
Footballer who plays for AC Milan and the Finnish women's national team 1994 Emma Koivisto
0%
Footballer who plays for West Ham United and the Finnish women's national team 1999 Eva Nyström
0%
Former basketball player and first player from Finland to play in the NBA (Atlanta Hawks) 1976 Hanno Möttölä
0%
Footballer who plays for Vittsjö and is the most capped player of the Finnish women's national team 1988 Linda Sällström
0%
former Formula One racing driver (Ferrari, Lotus, Tyrell) and two times winner of the 24 Hours of Le Mans race 1966 Mika Salo
0%
Former ice hockey goalkeeper who played most notably for the Minnesota Wild 1978 Nicklas Bäckström
0%
Former basketball player (Barcelona, Bayern and Bologna) and first Finnish player to get drafted in the first round of the NBA draft 1988 Petteri Koponen
0%
Basketball head coach of the Memphis Grizzlies since 2025 1982 Tuomas Iisalo
0%
No matching quizzes found
Score Distribution
Percent of People with Each Score
Percentile by Number Answered
Your Score History
You have not taken this quiz since the last reset